Catálogo

Smuk'ta lekil sk'oplal stso'bolil slumalil mejikanoetik, ta cha'pasoj li ta vo'o'm aka'lil yual pebrero ta 1857 = (Registro nro. 30566)

Detalles MARC
000 -LEADER
fixed length control field 01205cam a2200277 i 4500
001 - CONTROL NUMBER
control field 30566
003 - CONTROL NUMBER IDENTIFIER
control field Mx-PuUPA
005 - DATE AND TIME OF LATEST TRANSACTION
control field 20231031132347.0
008 - FIXED-LENGTH DATA ELEMENTS--GENERAL INFORMATION
fixed length control field 140415s2010 mx frl 000 0 mul d
040 ## - CATALOGING SOURCE
Transcribing agency Mx-PuUPA
Original cataloging agency Mx-PuUPA
Language of cataloging spa
Modifying agency Mx-PuUPA
Description conventions rda
041 0# - LANGUAGE CODE
Language code of text/sound track or separate title spa
-- tzo
110 2# - MAIN ENTRY--CORPORATE NAME
Corporate name or jurisdiction name as entry element Mexico.
Subordinate unit Congreso.
-- Cámara de Senadores
9 (RLIN) 15066
245 00 - TITLE STATEMENT
Title Smuk'ta lekil sk'oplal stso'bolil slumalil mejikanoetik, ta cha'pasoj li ta vo'o'm aka'lil yual pebrero ta 1857 =
Remainder of title Constitución Política de los Estados Unidos Mexicanos /
Statement of responsibility, etc. Senado de la República ; traducción al tsotsil, José Vázquez López
264 #1 - PRODUCTION, PUBLICATION, DISTRIBUTION, MANUFACTURE, AND COPYRIGHT NOTICE
Place of production, publication, distribution, manufacture México, D.F. :
Name of producer, publisher, distributor, manufacturer Senado de la República : Siglo xxi Editores,
Date of production, publication, distribution, manufacture, or copyright notice 2010
300 ## - PHYSICAL DESCRIPTION
Extent 223 páginas ;
Dimensions 21 cm
336 ## - CONTENT TYPE
Fuente rdacontent
Content type term texto
Content type code txt
337 ## - MEDIA TYPE
Source rdamedia
Media type term sin medio
Media type code n
338 ## - CARRIER TYPE
Source rdacarrier
Carrier type term volumen
Carrier type code nc
500 ## - GENERAL NOTE
General note "200/100 Independencia, revolución, Senado de la República". -- Cubierta
546 ## - LANGUAGE NOTE
Language note Texto en español y lengua tsotsil.
650 #7 - SUBJECT ADDED ENTRY--TOPICAL TERM
Source of heading or term armarc
Topical term or geographic name entry element Constitución política, 1917
Geographic subdivision México
700 1# - ADDED ENTRY--PERSONAL NAME
Personal name Vázquez López, José,
Relator term traductor
942 ## - ADDED ENTRY ELEMENTS (KOHA)
Source of classification or shelving scheme Dewey Decimal Classification
Koha item type Libro
Classification part 342.7202
Item part S6667
Existencias
Withdrawn status Lost status Source of classification or shelving scheme Damaged status Not for loan Collection code Home library Current library Shelving location Date acquired Total Checkouts Full call number Barcode Date last seen Price effective from Koha item type
    Dewey Decimal Classification     General Tehuacán Tehuacán Sala general 18/10/2023   342.7202 S6667 2010 968000001726 08/01/2025 18/10/2023 Libro